World War II Facts (Hard) - Statistics

General Stats
  • This quiz has been taken 37 times
  • The average score is 10 of 15
Answer Stats
Question Answer % Correct
What was the role of the American 'Ghost Army'? To mislead the Germans about size and location of American troops
100%
Did large amounts of trainee pilots die during flight training? Yes
83%
Did Poland have a bear that served in the military? Yes
83%
Native American languages were used to carry secret messages Yes
83%
Did the Soviet Union have a sniper called 'Lady Death' Yes
83%
The British planned to attack German livestock Yes, but they never carried it out
83%
What are 'Night Witches'? Female Soviet Bomber Pilots
67%
What bizarre weapons were used in ww2? V-3 Cannon
67%
Did Mahatma Gandhi try and send a peace letter to Hitler? Yes
67%
When did the last Japanese soldier finally surrender in ww2? 1974
50%
What battle did Germans and Americans fight side-by-side in? Battle of Castle Itter
50%
Who developed the 'Rat Bomb'? British Special Operations
50%
Did Japan succeed in starting deadly forest fires? No
50%
What did a German Commander do when he got too stressed? Go to the Spa
33%
What was the names of the bomb that America experimented with during ww2 Bat Bomb
17%
No matching quizzes found
Score Distribution
Percent of People with Each Score
Percentile by Number Answered
Your Score History
You have not taken this quiz